000 00322nam a22001457a 4500
008 210305b ||||| |||| 00| 0 eng d
020 _a0721667287
041 _aeng
080 _28th
_a616.31
082 _a616.31
100 _a5
101 _aSTO
245 _aClinical Periodontology
_cCarranza,A.F
942 _2udc
_cBK
999 _c55773
_d55773